3 word scramble (Marvel Universe) - Statistics

General Stats
  • This quiz has been taken 578 times
  • The average score is 11 of 25
Answer Stats
Hint Answer % Correct
Death Titan Gauntlet Thanos
92%
Billionaire Playboy Philanthropist Iron Man
89%
Angry Smash Doctor Hulk
88%
Hammer Lightning Mythology Thor
88%
Frozen Shield Hero Captain America
85%
Spider Sexy Spy Black Widow
81%
Psionic School Bald Professor X
69%
Weapon Adamantium Cigar Wolverine
68%
Hell Chains Motorcycle Ghost Rider
64%
Deadliest Green Guardian Gamora
49%
Hands Arcane Supreme Dr strange
48%
Helmet Auschwitz Brotherhood Magneto
46%
Cards Kinetic Thief Gambit
44%
Improve A.I. Adamantium Ultron
38%
Oldest Four Egypt Apocalypse
35%
Killed Destroyer Resurrected Drax
30%
Herald Cosmic Zenn-La Silver Surfer
29%
Him Soul Gold Adam Warlock
15%
Moon Voice King Black Bolt
12%
Unstoppable Mystical Bitch Juggernaut
10%
Elder Museum Reality The Collector
10%
Granular Stripes Dream Sandman
8%
Psionic Female Bald Moondragon
7%
Multiplicity Future Blue Kang
6%
Equity Necessity Revenge The Living Tribunal
1%
No matching quizzes found
Score Distribution
Percent of People with Each Score
Percentile by Number Answered
Your Score History
You have not taken this quiz